Actors who worked with Kevin Reynolds - Statistics

General Stats
  • This quiz has been taken 4 times
  • The average score is 3 of 56
Answer Stats
Film(s) Answer % Correct
Fandango, Robin Hood: Prince of Thieves, Waterworld Kevin Costner
100%
Waterworld Jack Black
50%
The Count of Monte Cristo Jim Caviezel
50%
Robin Hood: Prince of Thieves Morgan Freeman
50%
Robin Hood: Prince of Thieves Sean Connery
50%
Robin Hood: Prince of Thieves Alan Rickman
0%
Robin Hood: Prince of Thieves Brian Blessed
0%
Fandango Brian Cesak
0%
Robin Hood: Prince of Thieves Christian Slater
0%
Fandango Chuck Bush
0%
Rapa-Nui, Risen Cliff Curtis
0%
One Eight Seven Clifton Collins Jr.
0%
The Count of Monte Cristo Dagmara Dominczyk
0%
Tristan & Isolde David O'Hara
0%
Waterworld Dennis Hopper
0%
The Beast Don Harvey
0%
Fandango E. G. Daily
0%
The Beast Erick Avari
0%
Rapa-Nui Esai Morales
0%
The Beast George Dzundza
0%
The Count of Monte Cristo Guy Pearce
0%
The Count of Monte Cristo Helen McCrory
0%
The Count of Monte Cristo, Tristan & Isolde Henry Cavill
0%
The Count of Monte Cristo James Frain
0%
Tristan & Isolde James Franco
0%
The Beast Jason Patric
0%
Rapa-Nui Jason Scott Lee
0%
The Count of Monte Cristo, Tristan & Isolde JB Blanc
0%
Waterworld Jeanne Tripplehorn
0%
Waterworld John Fleck
0%
One Eight Seven John Heard
0%
Risen Joseph Fiennes
0%
Fandango Judd Nelson
0%
One Eight Seven Kelly Rowan
0%
Waterworld Kim Coates
0%
The Count of Monte Cristo Luis Guzmán
0%
Risen María Botto
0%
Tristan & Isolde Mark Strong
0%
Robin Hood: Prince of Thieves Mary Elizabeth Mastrantonio
0%
Waterworld Michael Jeter
0%
Risen Peter Firth
0%
Waterworld R. D. Call
0%
The Count of Monte Cristo Richard Harris
0%
Waterworld Robert Joy
0%
Tristan & Isolde Rufus Sewell
0%
Fandango Sam Robards
0%
One Eight Seven Samuel L. Jackson
0%
Rapa-Nui Sandrine Holt
0%
Tristan & Isolde Sophia Myles
0%
The Beast Stephen Baldwin
0%
Risen Stephen Greif
0%
The Beast Steven Bauer
0%
Fandango Suzy Amis
0%
Tristan & Isolde Thomas Sangster
0%
Waterworld Tina Majorino
0%
Risen Tom Felton
0%
No matching quizzes found
Score Distribution
Percent of People with Each Score
Percentile by Number Answered
Your Score History
You have not taken this quiz